000 00495nam a2200169Ia 4500
005 20250508154008.0
008 008 250505s9999 xx 000 0 eng d
037 _aBooks to be hide in OPAC
040 _aFEDL
_beng
_cFEDL
041 _aeng
_2eng
084 _a330.0947, TAR/O
_qFEDL
245 0 _aTarget figures for the economic development of the USSR from 1959 to 1965
260 _c1951
300 _a133p.
942 _cHB
_h330.0947, TAR/O
999 _c1346890
_d1346890